The gospel we preach. (Record no. 10991)

000 -LEADER
fixed length control field 00587nam a2200193 a 4500
001 - CONTROL NUMBER
control field :::00008784$&:&@@
003 - CONTROL NUMBER IDENTIFIER
control field OkBaRHE
005 - DATE AND TIME OF LATEST TRANSACTION
control field 20000607103346.0
008 - FIXED-LENGTH DATA ELEMENTS--GENERAL INFORMATION
fixed length control field s1949 j 000 0 eng u
040 ## - CATALOGING SOURCE
Transcribing agency
100 1# - MAIN ENTRY--PERSONAL NAME
Personal name Smith, Oswald Jeffrey, 1889-
245 14 - TITLE STATEMENT
Title The gospel we preach.
260 ## - PUBLICATION, DISTRIBUTION, ETC. (IMPRINT)
Place of publication, distribution, etc London, UK:EN., :
Name of publisher, distributor, etc Marshall, Morgan & Scott, Ltd.
Date of publication, distribution, etc 1949
300 ## - PHYSICAL DESCRIPTION
Extent 126 p. ;
Dimensions 19 cm.
650 ## - SUBJECT ADDED ENTRY--TOPICAL TERM
Topical term or geographic name as entry element Evangelistic Addresses
650 ## - SUBJECT ADDED ENTRY--TOPICAL TERM
Topical term or geographic name as entry element Last Words
942 ## - ADDED ENTRY ELEMENTS (KOHA)
Source of classification or shelving scheme
Koha item type Books
Copies
Withdrawn status Source of classification or shelving scheme Permanent Location Koha item type Copy number Not for loan Price effective from Damaged status Barcode Full call number Date acquired Lost status Shelving location Date last seen
  RHEMA Bible Training CollegeBooks1 2010-04-14 8784BV 3795 .S372010-04-14 General Stacks2010-04-14